[Event "Europa ch 2014"]
[Site "Yerevan ARM"]
[Date "2014.03.06"]
[Round "4.100"]
[White "Chighladze, Iveri"]
[Black "Bykova, Anastasia"]
[Result "1-0"]
[WhiteElo "2365"]
[BlackElo "2132"]
[PlyCount "67"]
[EventDate "2014.03.03"]
[EventType "swiss"]
[EventRounds "11"]
[EventCountry "ARM"]
[Source "lmi"]
[SourceDate "2014.03.02"]

1. d4 d5 2. c4 c6 3. Nf3 Nf6 4. Nc3 dxc4 5. a4 Bf5 6. Ne5 Nbd7 7. Nxc4 Nb6 8.
Ne5 a5 9. f3 Nfd7 10. e4 Nxe5 11. dxe5 Qxd1+ 12. Kxd1 Be6 13. Kc2 f6 14. Rb1
Nd7 15. b4 axb4 16. Rxb4 O-O-O 17. Be3 Kc7 18. Be2 b6 19. Rhb1 Rb8 20. a5 b5
21. a6 g6 22. a7 Ra8 23. Nxb5+ cxb5 24. Rxb5 Bg7 25. Rb7+ Kc6 26. Bb5+ Kxb7 27.
Bxd7+ Kc7 28. Bxe6 fxe5 29. Kc3 Kd6 30. Rb6+ Kc7 31. Rb5 Kd6 32. Bd5 Rac8+ 33.
Kb4 Kc7 34. Rc5+ 1-0

[Event "Europa ch 2014"]
[Site "Yerevan ARM"]
[Date "2014.03.06"]
[Round "4.101"]
[White "Beradze, Irakli"]
[Black "Hakobyan, Aram"]
[Result "1-0"]
[WhiteElo "2364"]
[BlackElo "2103"]
[PlyCount "113"]
[EventDate "2014.03.03"]
[EventType "swiss"]
[EventRounds "11"]
[EventCountry "ARM"]
[Source "lmi"]
[SourceDate "2014.03.02"]

1. e4 c6 2. d4 d5 3. exd5 cxd5 4. c4 Nf6 5. Nc3 Nc6 6. Nf3 Bg4 7. cxd5 Nxd5 8.
Qb3 Bxf3 9. gxf3 Nb6 10. Be3 e6 11. Rd1 Be7 12. f4 O-O 13. Bg2 Rc8 14. O-O Na5
15. Qc2 Bb4 16. f5 exf5 17. Qxf5 Nac4 18. Ne4 Qd7 19. Qxd7 Nxd7 20. Bc1 Rfe8
21. a3 Bf8 22. Rfe1 g6 23. Kf1 b6 24. h3 h6 25. Rd3 Kg7 26. Nc3 Red8 27. Red1
Nf6 28. Nb5 Rd7 29. b3 Na5 30. d5 a6 31. Nd4 Kg8 32. Nc6 Nxb3 33. Bb2 Nc5 34.
Bxf6 Nxd3 35. Rxd3 Rxc6 36. dxc6 Rxd3 37. Ke2 Rd6 38. c7 Re6+ 39. Kf1 Rxf6 40.
c8=Q a5 41. a4 Rf5 42. Qd8 Kg7 43. Qxb6 Bc5 44. Qxa5 Rxf2+ 45. Ke1 Bd4 46. Qd5
Rf4 47. Ke2 Bc3 48. Be4 Rh4 49. Qd3 Ba5 50. Kf2 Rh5 51. Bd5 Rf5+ 52. Ke2 Kh7
53. Qc4 Kg7 54. Qc5 Bd8 55. a5 Re5+ 56. Kd3 Be7 57. Qc6 1-0

[Event "Europa ch 2014"]
[Site "Yerevan ARM"]
[Date "2014.03.06"]
[Round "4.102"]
[White "Mnatsakanian, Eduard A"]
[Black "Shahinyan, David"]
[Result "0-1"]
[WhiteElo "2144"]
[BlackElo "2356"]
[PlyCount "96"]
[EventDate "2014.03.03"]
[EventType "swiss"]
[EventRounds "11"]
[EventCountry "ARM"]
[Source "lmi"]
[SourceDate "2014.03.02"]

1. e4 d6 2. d4 Nf6 3. Nc3 e5 4. dxe5 dxe5 5. Qxd8+ Kxd8 6. Nf3 Bd6 7. Bg5 Be6
8. O-O-O Nbd7 9. Bxf6+ gxf6 10. Nh4 Bc5 11. f3 c6 12. Nf5 Kc7 13. Ng7 b5 14. g4
Rhg8 15. Nh5 a5 16. h3 a4 17. Nd5+ cxd5 18. exd5 Bf5 19. Bxb5 Bg6 20. d6+ Kd8
21. Bxd7 Bxh5 22. Bb5 Ra5 23. Bc6 Bg6 24. Be4 Kd7 25. Rd3 Rc8 26. Rhd1 Bxe4 27.
fxe4 Ra6 28. Rf1 Rxd6 29. Rxd6+ Kxd6 30. Rxf6+ Ke7 31. Ra6 Be3+ 32. Kd1 Rc4 33.
Ke2 Bf4 34. c3 Rxe4+ 35. Kd3 Re3+ 36. Kc4 Rxh3 37. Rxa4 Rg3 38. Kd5 Rxg4 39. b4
h5 40. b5 h4 41. Ra7+ Kf6 42. Ra6+ Kf5 43. Ra8 h3 44. Rh8 h2 45. b6 Rg8 46.
Rh5+ Kg4 47. Rh7 f5 48. a4 e4 0-1

[Event "Europa ch 2014"]
[Site "Yerevan ARM"]
[Date "2014.03.06"]
[Round "4.103"]
[White "Birnboim, Nathan"]
[Black "Mkrtchyan, Sargis R"]
[Result "1-0"]
[WhiteElo "2353"]
[BlackElo "1909"]
[PlyCount "59"]
[EventDate "2014.03.03"]
[EventType "swiss"]
[EventRounds "11"]
[EventCountry "ARM"]
[Source "lmi"]
[SourceDate "2014.03.02"]

1. d4 Nf6 2. c4 g6 3. g3 Bg7 4. Bg2 O-O 5. Nc3 d6 6. Nf3 c5 7. O-O cxd4 8. Nxd4
Nc6 9. Nxc6 bxc6 10. Bxc6 Rb8 11. Qa4 Bh3 12. Rd1 Qc7 13. Rb1 a5 14. a3 Bf5 15.
e4 Bg4 16. Re1 Nd7 17. Nd5 Qd8 18. Bg5 Re8 19. Bd2 Rxb2 20. Rxb2 Bxb2 21. Bxa5
Qc8 22. Rb1 Bd4 23. Qb5 Ne5 24. Bxe8 Nf3+ 25. Kh1 Qe6 26. Qb7 Ng5 27. Qxe7
Qxe4+ 28. Qxe4 Nxe4 29. Be1 Ng5 30. Nf4 1-0

[Event "Europa ch 2014"]
[Site "Yerevan ARM"]
[Date "2014.03.06"]
[Round "4.105"]
[White "Avetisyan, Ashot"]
[Black "Petrosyan, Manuel"]
[Result "0-1"]
[WhiteElo "2121"]
[BlackElo "2336"]
[PlyCount "60"]
[EventDate "2014.03.03"]
[EventType "swiss"]
[EventRounds "11"]
[EventCountry "ARM"]
[Source "lmi"]
[SourceDate "2014.03.02"]

1. d4 Nf6 2. c4 e6 3. Nf3 c5 4. d5 b5 5. dxe6 fxe6 6. cxb5 a6 7. bxa6 Bxa6 8.
e3 Bxf1 9. Kxf1 Nc6 10. g3 Be7 11. Kg2 O-O 12. Nc3 Ng4 13. Rf1 Qc7 14. e4 c4
15. Nb5 Qb7 16. a4 Nb4 17. h3 Nf6 18. e5 Ne4 19. Nc3 Nd3 20. Qe2 Nxc3 21. bxc3
Rf7 22. a5 Raf8 23. a6 Qa8 24. Kg1 Rxf3 25. Be3 Nxe5 26. a7 R3f5 27. f4 Nd3 28.
Rfb1 Bc5 29. g4 Nxf4 30. Qd2 Bxe3+ 0-1

[Event "Europa ch 2014"]
[Site "Yerevan ARM"]
[Date "2014.03.06"]
[Round "4.107"]
[White "Rusek, Walter"]
[Black "Rozhko, Dmitry"]
[Result "0-1"]
[WhiteElo "1794"]
[BlackElo "2335"]
[PlyCount "58"]
[EventDate "2014.03.03"]
[EventType "swiss"]
[EventRounds "11"]
[EventCountry "ARM"]
[Source "lmi"]
[SourceDate "2014.03.02"]

1. d4 d5 2. c4 c6 3. Nc3 Nf6 4. e3 a6 5. b3 Bf5 6. Bb2 e6 7. Nf3 Nbd7 8. Bd3
Bg6 9. O-O Bd6 10. cxd5 exd5 11. Re1 O-O 12. Qc2 Bxd3 13. Qxd3 Re8 14. Rad1 Ne4
15. Nd2 Bxh2+ 16. Kf1 Nxd2+ 17. Rxd2 Bd6 18. Ke2 Qg5 19. Rh1 Nf6 20. Kf1 Bb4
21. Rc2 Bxc3 22. Rxc3 Ne4 23. Rc2 Re6 24. Kg1 Rg6 25. f3 Ng3 26. f4 Qg4 27. Rh2
Re8 28. Bc3 Qf5 29. Qd2 Qe4 0-1

[Event "Europa ch 2014"]
[Site "Yerevan ARM"]
[Date "2014.03.06"]
[Round "4.108"]
[White "Yayloyan, Konstantin"]
[Black "Kanter, Eduard"]
[Result "0-1"]
[WhiteElo "1963"]
[BlackElo "2410"]
[PlyCount "62"]
[EventDate "2014.03.03"]
[EventType "swiss"]
[EventRounds "11"]
[EventCountry "ARM"]
[Source "lmi"]
[SourceDate "2014.03.02"]

1. e4 c5 2. Nf3 d6 3. d4 cxd4 4. Nxd4 Nf6 5. Nc3 g6 6. Be3 Bg7 7. f3 Nc6 8. Qd2
O-O 9. g4 Be6 10. Nxe6 fxe6 11. O-O-O Ne5 12. Be2 Qa5 13. h4 b5 14. Bh6 b4 15.
Nb1 Bxh6 16. Qxh6 Rac8 17. h5 Qc5 18. Qd2 Kf7 19. b3 g5 20. Rde1 Rc7 21. Bd1
Ke8 22. Rhf1 Nfd7 23. f4 gxf4 24. g5 f3 25. g6 hxg6 26. h6 g5 27. h7 g4 28. Qh6
Nf7 29. Qxe6 Nde5 30. Nd2 Qc3 31. Nc4 Rxc4 0-1

[Event "Europa ch 2014"]
[Site "Yerevan ARM"]
[Date "2014.03.06"]
[Round "4.109"]
[White "Baghdasaryan, Vahe"]
[Black "Pavlidou, Ekaterini"]
[Result "1-0"]
[WhiteElo "2368"]
[BlackElo "2188"]
[PlyCount "55"]
[EventDate "2014.03.03"]
[EventType "swiss"]
[EventRounds "11"]
[EventCountry "ARM"]
[Source "lmi"]
[SourceDate "2014.03.02"]

1. e4 c5 2. Nf3 d6 3. d4 cxd4 4. Nxd4 Nf6 5. Nc3 g6 6. Be3 Bg7 7. f3 O-O 8. Qd2
Nc6 9. O-O-O Bd7 10. h4 Rc8 11. Kb1 Ne5 12. Bh6 Nc4 13. Bxc4 Rxc4 14. Bxg7 Kxg7
15. h5 Qa5 16. hxg6 fxg6 17. Qh6+ Kg8 18. Nb3 Qe5 19. f4 Qe6 20. e5 dxe5 21.
fxe5 Nh5 22. g4 Rxg4 23. Nc5 Qc6 24. Nxd7 Rf2 25. Nf6+ exf6 26. Rd8+ Kf7 27.
Qf8+ Ke6 28. Rd6+ 1-0

[Event "Europa ch 2014"]
[Site "Yerevan ARM"]
[Date "2014.03.06"]
[Round "4.111"]
[White "Nuber, Blasius"]
[Black "Gasparian, Tigran"]
[Result "1-0"]
[WhiteElo "2359"]
[BlackElo "2165"]
[PlyCount "75"]
[EventDate "2014.03.03"]
[EventType "swiss"]
[EventRounds "11"]
[EventCountry "ARM"]
[Source "lmi"]
[SourceDate "2014.03.02"]

1. e4 d5 2. exd5 Nf6 3. d4 Nxd5 4. Nf3 Bf5 5. Nh4 Bg6 6. Nxg6 hxg6 7. g3 c6 8.
Bg2 Nd7 9. O-O e6 10. c4 Ne7 11. Nc3 Nb6 12. b3 Qd7 13. a4 Rd8 14. a5 Nbc8 15.
a6 b6 16. Be3 Nf5 17. Qf3 Nce7 18. b4 Qc8 19. Rfd1 Nd6 20. c5 Nc4 21. Bf1 Nxe3
22. fxe3 Qc7 23. Nb5 Qb8 24. Qf4 Qxf4 25. gxf4 Nc8 26. Nxa7 Nxa7 27. cxb6 Nc8
28. Bg2 Nxb6 29. Bxc6+ Ke7 30. a7 Kd6 31. Rdc1 Be7 32. Ra6 Rb8 33. axb8=Q+ Rxb8
34. b5 g5 35. e4 gxf4 36. Ra7 e5 37. dxe5+ Ke6 38. Bd5+ 1-0

[Event "Europa ch 2014"]
[Site "Yerevan ARM"]
[Date "2014.03.06"]
[Round "4.112"]
[White "Tutisani, Noe"]
[Black "Pavlidis, Anastasios"]
[Result "1/2-1/2"]
[WhiteElo "2137"]
[BlackElo "2340"]
[PlyCount "154"]
[EventDate "2014.03.03"]
[EventType "swiss"]
[EventRounds "11"]
[EventCountry "ARM"]
[Source "lmi"]
[SourceDate "2014.03.02"]

1. e4 g6 2. d4 Bg7 3. Nc3 d5 4. exd5 Nf6 5. Bb5+ Nbd7 6. Bg5 O-O 7. Qf3 a6 8.
Bxd7 Qxd7 9. Nge2 Rb8 10. O-O b5 11. Bxf6 exf6 12. Ne4 f5 13. Nc5 Qd6 14. c3
Rd8 15. Nf4 Bh6 16. Nfd3 Qxd5 17. Qxd5 Rxd5 18. Rfe1 Kf8 19. f4 g5 20. Re2 Rd6
21. Rae1 Bd7 22. Nxd7+ Rxd7 23. Nc5 Rd6 24. Re7 Rc8 25. Nd7+ Kg8 26. Re8+ Rxe8
27. Rxe8+ Kg7 28. Re7 gxf4 29. Ne5 Rf6 30. Kf2 f3 31. Kxf3 c6 32. b3 Bd2 33. c4
Bc3 34. Ke3 c5 35. Nf3 bxc4 36. bxc4 Re6+ 37. Rxe6 fxe6 38. dxc5 Kf6 39. Kd3
Ba5 40. Kd4 Bc7 41. h3 h6 42. a4 Bg3 43. c6 Bf2+ 44. Kd3 Ke7 45. Nd4 Bg3 46. c5
Bc7 47. Nc2 Ba5 48. Nd4 Bc7 49. Ke3 h5 50. Nc2 Ba5 51. Kd4 Kf6 52. Ne3 Bc7 53.
Nc4 e5+ 54. Ke3 Ke6 55. Nb6 e4 56. Kd4 Be5+ 57. Kc4 f4 58. Nd5 e3 59. Nb4 a5
60. Nc2 h4 61. Ne1 Bf6 62. Nd3 Bg5 63. Kb5 Bd8 64. Ka6 Kd5 65. Kb7 Ke4 66. Nc1
Kd5 67. c7 Bxc7 68. Kxc7 Kxc5 69. Nd3+ Kc4 70. Nxf4 Kb3 71. Kb6 Kxa4 72. Kc5
Kb3 73. Kd4 a4 74. Kxe3 a3 75. Nd3 Kc3 76. Nc1 Kc2 77. Nd3 Kc3 1/2-1/2

[Event "Europa ch 2014"]
[Site "Yerevan ARM"]
[Date "2014.03.06"]
[Round "4.113"]
[White "Ramazian, Arshak"]
[Black "Vardanian, Hamazasp"]
[Result "1/2-1/2"]
[WhiteElo "2336"]
[BlackElo "2138"]
[PlyCount "112"]
[EventDate "2014.03.03"]
[EventType "swiss"]
[EventRounds "11"]
[EventCountry "ARM"]
[Source "lmi"]
[SourceDate "2014.03.02"]

1. e4 c5 2. Nf3 d6 3. Bb5+ Bd7 4. Bxd7+ Qxd7 5. O-O Nc6 6. c3 Nf6 7. Re1 e6 8.
d4 cxd4 9. cxd4 d5 10. e5 Ne4 11. Nbd2 Nxd2 12. Bxd2 Be7 13. Rc1 O-O 14. a3 a5
15. Bg5 Bxg5 16. Nxg5 h6 17. Nh3 f6 18. exf6 Rxf6 19. Rc2 Re8 20. f3 e5 21.
dxe5 Rxe5 22. Rxe5 Nxe5 23. Rd2 Nxf3+ 24. gxf3 Qxh3 25. Rf2 Rg6+ 26. Kh1 Qf5
27. Rg2 Rxg2 28. Kxg2 Qg5+ 29. Kh1 h5 30. Qb3 h4 31. Qxb7 Kh7 32. Qd7 a4 33.
Qxa4 h3 34. Qc2+ g6 35. Qf2 d4 36. Qf1 Qf5 37. Kg1 d3 38. Kf2 d2 39. Qd1 Qg5
40. Qa4 Qg2+ 41. Ke3 Qg1+ 42. Kxd2 Qxh2+ 43. Ke3 Qg1+ 44. Kf4 Kh6 45. Qe8 Qg5+
46. Ke4 Qf6 47. Qb8 g5 48. Ke3 Kh5 49. a4 Kh4 50. Qb4+ Kg3 51. Qe1+ Kg2 52.
Qd2+ Kg1 53. Qc1+ Kg2 54. Qc2+ Kg1 55. Qf2+ Kh1 56. Qf1+ Kh2 1/2-1/2

[Event "Europa ch 2014"]
[Site "Yerevan ARM"]
[Date "2014.03.06"]
[Round "4.114"]
[White "Erenberg, Ariel"]
[Black "Alaverdyan, Gevorg"]
[Result "0-1"]
[WhiteElo "2092"]
[BlackElo "2311"]
[PlyCount "98"]
[EventDate "2014.03.03"]
[EventType "swiss"]
[EventRounds "11"]
[EventCountry "ARM"]
[Source "lmi"]
[SourceDate "2014.03.02"]

1. d4 Nf6 2. c4 c5 3. d5 b5 4. cxb5 a6 5. b6 d6 6. Nc3 Nbd7 7. a4 Qxb6 8. a5
Qc7 9. Nf3 g6 10. Nd2 Rb8 11. e3 Bg7 12. Nc4 O-O 13. Be2 Qb7 14. e4 Ne8 15. Bg5
f6 16. Be3 Nc7 17. O-O f5 18. Bg5 Nf6 19. e5 dxe5 20. Nxe5 Nfxd5 21. Nxd5 Nxd5
22. Nd3 h6 23. Bf3 hxg5 24. Nxc5 Qxb2 25. Qxd5+ Kh7 26. Rae1 g4 27. Bd1 Bf6 28.
Ba4 Rb4 29. Nd3 Rd4 30. Nxb2 Rxd5 31. Nc4 Rc5 32. Bb3 Bd7 33. Rc1 Rfc8 34. Rc2
Be6 35. Rfc1 Rb8 36. Ne3 Rxc2 37. Bxc2 Rc8 38. Re1 Bc3 39. Rb1 Bxa5 40. Bd3 f4
41. Nf1 Bf5 42. Bxa6 Rc6 43. Bb7 Rc7 44. Rb5 Rc1 45. Rd5 Be6 46. g3 f3 47. Rxa5
Bc4 48. h3 Bxf1 49. Kh2 Bg2 0-1

[Event "Europa ch 2014"]
[Site "Yerevan ARM"]
[Date "2014.03.06"]
[Round "4.115"]
[White "Vardanian, Hakob"]
[Black "Bykov, Egor"]
[Result "1-0"]
[WhiteElo "2270"]
[BlackElo "2089"]
[PlyCount "77"]
[EventDate "2014.03.03"]
[EventType "swiss"]
[EventRounds "11"]
[EventCountry "ARM"]
[Source "lmi"]
[SourceDate "2014.03.02"]

1. Nf3 d5 2. b3 Nf6 3. Bb2 c6 4. e3 Bf5 5. Be2 h6 6. Ne5 e6 7. g4 Bh7 8. h4
Nbd7 9. Nxd7 Nxd7 10. d3 e5 11. Nd2 Qa5 12. a3 Be7 13. Qb1 Bf6 14. Qa2 Qd8 15.
g5 hxg5 16. hxg5 Bxg5 17. O-O-O Qe7 18. Bg4 Bh6 19. Qa1 f6 20. f4 exf4 21. exf4
O-O-O 22. Rxh6 gxh6 23. Bxf6 Qf8 24. Bxh8 Qxh8 25. Qxh8 Rxh8 26. Rh1 Bg6 27.
Nf3 Be8 28. Rg1 h5 29. Be6 Kc7 30. Rg7 Kd6 31. Ng5 Rf8 32. d4 Nf6 33. f5 Ne4
34. c4 c5 35. cxd5 Nxg5 36. dxc5+ Kxc5 37. Rxg5 Bf7 38. Kd2 h4 39. Ke3 1-0

[Event "Europa ch 2014"]
[Site "Yerevan ARM"]
[Date "2014.03.06"]
[Round "4.116"]
[White "Manukyan, Sargis V"]
[Black "Babayan, Armine"]
[Result "0-1"]
[WhiteElo "2268"]
[BlackElo "2085"]
[PlyCount "58"]
[EventDate "2014.03.03"]
[EventType "swiss"]
[EventRounds "11"]
[EventCountry "ARM"]
[Source "lmi"]
[SourceDate "2014.03.02"]

1. d4 d5 2. c4 e6 3. Nf3 Nf6 4. g3 Be7 5. Bg2 c6 6. Nbd2 O-O 7. Qc2 Nbd7 8. O-O
Re8 9. Rd1 Qc7 10. e4 dxe4 11. Nxe4 e5 12. Nxe5 Nxe5 13. Bf4 Nfd7 14. dxe5 Nxe5
15. Qc3 f6 16. c5 Kh8 17. Nd6 Bxd6 18. cxd6 Qf7 19. Bxe5 fxe5 20. Re1 Qf6 21.
Rad1 Bd7 22. Qb4 b6 23. Qa4 b5 24. Qa6 e4 25. Bxe4 Rxe4 26. Qb7 Rf8 27. Rf1 Bh3
28. Qxc6 Qf3 29. Qxe4 Qxe4 0-1

[Event "Europa ch 2014"]
[Site "Yerevan ARM"]
[Date "2014.03.06"]
[Round "4.117"]
[White "Gaboyan, Susanna"]
[Black "Karatorossian, David"]
[Result "0-1"]
[WhiteElo "2043"]
[BlackElo "2262"]
[PlyCount "188"]
[EventDate "2014.03.03"]
[EventType "swiss"]
[EventRounds "11"]
[EventCountry "ARM"]
[Source "lmi"]
[SourceDate "2014.03.02"]

1. d4 f5 2. c4 Nf6 3. Nc3 g6 4. Nf3 Bg7 5. Bf4 O-O 6. e3 d6 7. h3 c6 8. Be2 Qe8
9. O-O Nbd7 10. Bh2 e5 11. Qc2 e4 12. Nd2 Qe7 13. b4 c5 14. bxc5 dxc5 15. Nb3
cxd4 16. exd4 b6 17. Nb5 Ne8 18. c5 bxc5 19. Bc4+ Kh8 20. Bd5 Ba6 21. Bxa8 Bxb5
22. dxc5 Bd3 23. Qd2 Bxf1 24. Rxf1 Nxc5 25. Qb4 Nf6 26. Qxc5 Qxc5 27. Nxc5 Rxa8
28. Ne6 Re8 29. Nxg7 Kxg7 30. Rb1 Kf7 31. Bd6 Re6 32. Bc5 a6 33. Rb7+ Ke8 34.
a4 Nd7 35. Be3 Rc6 36. a5 Ke7 37. g3 Kd6 38. Kg2 Nf6 39. Bd4 Nd7 40. Be3 h5 41.
h4 Ke6 42. Kf1 Ne5 43. Bb6 Nd3 44. Be3 Kd5 45. Ke2 Ne5 46. Bb6 Nc4 47. Bc7 Re6
48. Bd8 Re8 49. Rd7+ Ke6 50. Rd4 Nd6 51. Bg5 Rc8 52. Rb4 Nb5 53. Rb2 Rc4 54.
Bd8 Ra4 55. Ke1 Ra1+ 56. Kd2 Ra3 57. Ke1 Kd5 58. Bb6 Kc4 59. Rb1 Nc3 60. Rc1
Kd3 61. Bd8 Rb3 62. Bf6 Rb1 63. Rxb1 Nxb1 64. Bd8 Nd2 65. Bc7 Nc4 66. Kf1 Kd2
67. Bd8 Kd1 68. Bb6 Nd2+ 69. Kg2 Ke2 70. Bd4 Nf3 71. Bb6 Ne1+ 72. Kg1 Kf3 73.
Bc7 Nd3 74. Bb6 Ne5 75. Bc5 Nd3 76. Bb6 f4 77. gxf4 Nxf4 78. Kh2 Nd3 79. Kg1
Ne5 80. Bc7 Ng4 81. Bb6 Nh6 82. Be3 Nf5 83. Bg5 Kg4 84. Bd8 Nxh4 85. Kh2 Nf3+
86. Kg2 h4 87. Bc7 h3+ 88. Kf1 Kf5 89. Bb6 Ke6 90. Bd8 Kd7 91. Bb6 Kc6 92. Bd8
g5 93. Bb6 g4 94. Bd8 e3 0-1

[Event "Europa ch 2014"]
[Site "Yerevan ARM"]
[Date "2014.03.06"]
[Round "4.118"]
[White "Danielyan, Vahe"]
[Black "Galoyan, Levon"]
[Result "1-0"]
[WhiteElo "1919"]
[BlackElo "2251"]
[PlyCount "101"]
[EventDate "2014.03.03"]
[EventType "swiss"]
[EventRounds "11"]
[EventCountry "ARM"]
[Source "lmi"]
[SourceDate "2014.03.02"]

1. e4 c5 2. Nf3 d6 3. d4 cxd4 4. Nxd4 Nf6 5. f3 a6 6. c4 e6 7. Nc3 Be7 8. Be3
Qc7 9. Be2 Nbd7 10. O-O b6 11. Qd2 Bb7 12. Rac1 Rc8 13. b4 O-O 14. a3 Qb8 15.
Rfd1 Bd8 16. Na4 Bc7 17. h3 Rfe8 18. Bd3 Ba8 19. b5 a5 20. Nc6 Bxc6 21. bxc6
Nc5 22. Bc2 Nxa4 23. Bxa4 d5 24. cxd5 exd5 25. e5 Rxe5 26. Bd4 Rh5 27. Qb2 Rh4
28. Bxf6 gxf6 29. Qxf6 Bd8 30. c7 Rxc7 31. Qe5 Rxa4 32. Qe8+ Kg7 33. Qxa4 Rxc1
34. Rxc1 Qd6 35. Rc6 Qe5 36. Qg4+ Qg5 37. a4 Qxg4 38. hxg4 Be7 39. Kf1 Bc5 40.
g5 Kf8 41. Ke2 Kg7 42. f4 Kf8 43. Kf3 Kg7 44. g4 Kf8 45. f5 Kg7 46. Kf4 Bg1 47.
Ke5 d4 48. Rc8 h6 49. gxh6+ Kxh6 50. Kf6 Kh7 51. g5 1-0

[Event "Europa ch 2014"]
[Site "Yerevan ARM"]
[Date "2014.03.06"]
[Round "4.119"]
[White "Oganisian, Roman"]
[Black "Henseler, Jorgen"]
[Result "1/2-1/2"]
[WhiteElo "2243"]
[BlackElo "2075"]
[PlyCount "81"]
[EventDate "2014.03.03"]
[EventType "swiss"]
[EventRounds "11"]
[EventCountry "ARM"]
[Source "lmi"]
[SourceDate "2014.03.02"]

1. e4 c5 2. Ne2 d6 3. b3 Nf6 4. Nbc3 Nc6 5. Bb2 g6 6. Nd5 e5 7. Nec3 Nxd5 8.
Nxd5 Bg7 9. Bc4 O-O 10. Ne3 Qh4 11. g3 Qd8 12. h4 h5 13. g4 hxg4 14. Nxg4 Nd4
15. Bxd4 exd4 16. Qf3 Be6 17. Bxe6 fxe6 18. Qg3 d3 19. c3 d5 20. e5 Rf5 21.
Qxd3 b5 22. O-O-O c4 23. Qe3 Qf8 24. Kb2 cxb3 25. axb3 b4 26. Rdg1 bxc3+ 27.
dxc3 Kh7 28. Qd3 Kh8 29. Rg2 Rc8 30. Rh3 Qc5 31. h5 g5 32. Qd4 Qb5 33. Qd3 Qxd3
34. Rxd3 Bxe5 35. Re3 Bf6 36. Nxf6 Rxf6 37. Rxg5 Rxf2+ 38. Ka3 Rf6 39. Rge5 Rc6
40. b4 a6 41. Rg5 1/2-1/2

[Event "Europa ch 2014"]
[Site "Yerevan ARM"]
[Date "2014.03.06"]
[Round "4.120"]
[White "Hairapetian, Anna"]
[Black "Nersisyan, Garnik"]
[Result "1-0"]
[WhiteElo "2188"]
[BlackElo "2063"]
[PlyCount "73"]
[EventDate "2014.03.03"]
[EventType "swiss"]
[EventRounds "11"]
[EventCountry "ARM"]
[Source "lmi"]
[SourceDate "2014.03.02"]

1. e4 e6 2. d4 d5 3. Nc3 dxe4 4. Nxe4 Nd7 5. Nf3 Be7 6. Bd3 b6 7. O-O Bb7 8.
Re1 Ngf6 9. b3 Nxe4 10. Bxe4 Bxe4 11. Rxe4 Nf6 12. Re1 Bb4 13. Re3 Nd5 14. Rd3
Bc3 15. Rb1 b5 16. Ne5 O-O 17. Rg3 g6 18. Bh6 Re8 19. Rxc3 Nxc3 20. Qf3 f6 21.
Nc6 Qd6 22. Qxc3 a5 23. b4 a4 24. Be3 Qd5 25. a3 Ra6 26. Na5 Re7 27. Rd1 Rd7
28. Rd3 Rad6 29. h3 g5 30. f3 Qa8 31. d5 exd5 32. Bd4 Kg7 33. Re3 Qa6 34. Qd3
Re6 35. Qf5 Rdd6 36. Bxf6+ Kg8 37. Qxg5+ 1-0

[Event "Europa ch 2014"]
[Site "Yerevan ARM"]
[Date "2014.03.06"]
[Round "4.121"]
[White "Davtyan, Artur"]
[Black "Hayrapetyan, Hovik"]
[Result "0-1"]
[WhiteElo "1843"]
[BlackElo "2458"]
[PlyCount "94"]
[EventDate "2014.03.03"]
[EventType "swiss"]
[EventRounds "11"]
[EventCountry "ARM"]
[Source "lmi"]
[SourceDate "2014.03.02"]

1. Nf3 Nf6 2. g3 d5 3. Bg2 c6 4. O-O Bg4 5. b3 Nbd7 6. Bb2 e6 7. d3 Bd6 8. Nbd2
O-O 9. Qe1 e5 10. e4 Re8 11. Qe2 a5 12. a3 Qc7 13. Rfe1 b5 14. h3 Bh5 15. g4
Bg6 16. Nh4 Nf8 17. Nf5 Ne6 18. Nxd6 Qxd6 19. exd5 Nf4 20. Qe3 Nxg2 21. Kxg2
Nxd5 22. Qg3 Nf4+ 23. Kh2 f6 24. Ne4 Bxe4 25. Rxe4 c5 26. g5 Kf7 27. Rg1 Rg8
28. Bc1 f5 29. Bxf4 fxe4 30. Bxe5 Qg6 31. Qf4+ Ke6 32. Re1 Rgf8 33. Qg3 Rf3 34.
Qg4+ Qf5 35. Kg2 Rxf2+ 36. Kg1 Qxg4+ 37. hxg4 Rxc2 38. Rxe4 Kf7 39. a4 Rd8 40.
Rf4+ Kg6 41. axb5 Rxd3 42. b6 Rxb3 43. Bc7 a4 44. Rf1 a3 45. Rd1 a2 46. Rd6+
Kxg5 47. Bd8+ Kxg4 0-1

[Event "Europa ch 2014"]
[Site "Yerevan ARM"]
[Date "2014.03.06"]
[Round "4.122"]
[White "Karapetyan, Lusine"]
[Black "Basencyan, Mark"]
[Result "1/2-1/2"]
[WhiteElo "1985"]
[BlackElo "2186"]
[PlyCount "122"]
[EventDate "2014.03.03"]
[EventType "swiss"]
[EventRounds "11"]
[EventCountry "ARM"]
[Source "lmi"]
[SourceDate "2014.03.02"]

1. e4 d6 2. d4 Nf6 3. Nc3 e5 4. dxe5 dxe5 5. Qxd8+ Kxd8 6. Bc4 Be6 7. Bxe6 fxe6
8. Nf3 Nbd7 9. Bg5 Bb4 10. O-O-O Bxc3 11. bxc3 Ke7 12. Rhe1 Rad8 13. Bh4 Rhf8
14. Ng5 h6 15. Nf3 g5 16. Bg3 Nh5 17. Nxe5 Nxe5 18. Bxe5 Rxf2 19. Rxd8 Kxd8 20.
Rd1+ Ke7 21. Rd2 Rf1+ 22. Rd1 Rxd1+ 23. Kxd1 Nf6 24. Bxc7 Nxe4 25. Be5 Nf6 26.
Ke2 Nd7 27. Bd4 a6 28. g4 e5 29. Bg1 Ke6 30. c4 Nf6 31. Kf3 e4+ 32. Kg3 Nd7 33.
Bd4 Ne5 34. c3 a5 35. h3 a4 36. Kf2 Nxc4 37. Bg7 Nd6 38. Bxh6 Nf7 39. Bg7 Kd5
40. Ke3 Nd8 41. Bf6 Ne6 42. h4 gxh4 43. Bxh4 b5 44. Bf6 Nf8 45. Kf4 Ne6+ 46.
Ke3 Nf8 47. g5 Ng6 48. Bd4 Nh4 49. Bf6 Nf5+ 50. Kf4 Nh4 51. a3 Ng6+ 52. Ke3 Nf8
53. Bh8 Ng6 54. Bd4 Ne7 55. Bf6 Nf5+ 56. Kf4 e3 57. Kf3 Kc4 58. Ke2 Kb3 59. g6
Kxa3 60. g7 Nh6 61. Bg5 Ng8 1/2-1/2

[Event "Europa ch 2014"]
[Site "Yerevan ARM"]
[Date "2014.03.06"]
[Round "4.123"]
[White "Hudyakov, Sergey"]
[Black "Kuehn, Matthias"]
[Result "1-0"]
[WhiteElo "2107"]
[BlackElo "1957"]
[PlyCount "133"]
[EventDate "2014.03.03"]
[EventType "swiss"]
[EventRounds "11"]
[EventCountry "ARM"]
[Source "lmi"]
[SourceDate "2014.03.02"]

1. d4 g6 2. c4 Bg7 3. Nc3 d6 4. e4 Nc6 5. Be3 Nf6 6. f3 e5 7. Nge2 h6 8. Qd2
exd4 9. Nxd4 Nxd4 10. Bxd4 O-O 11. Be2 Re8 12. O-O g5 13. Rad1 b6 14. Nd5 Bb7
15. Rfe1 Re6 16. Qc3 g4 17. Qd2 Rc8 18. Ne3 gxf3 19. gxf3 Nxe4 20. fxe4 Qg5+
21. Ng2 Bxd4+ 22. Qxd4 Rxe4 23. Qf2 Rce8 24. Bf1 Kf8 25. Rxe4 Bxe4 26. b3 Re6
27. Re1 Rf6 28. Qg3 Qf5 29. Nh4 Qc5+ 30. Qe3 Rf4 31. Qxc5 bxc5 32. Ng2 Bxg2 33.
Bxg2 a5 34. Bd5 Rd4 35. Rf1 Ke8 36. a4 Rd3 37. Rf3 Rd2 38. h3 Rd4 39. Kf2 Rd2+
40. Kg3 Rd4 41. Kf2 Rd2+ 42. Ke3 Rd4 43. Ke2 Rh4 44. Bxf7+ Kd7 45. Bg6 Rd4 46.
Re3 d5 47. Rd3 dxc4 48. Rxd4+ cxd4 49. bxc4 Kd6 50. Kd3 Ke5 51. c5 Kd5 52. c6
Kc5 53. Bh5 Kb4 54. Bd1 Kc5 55. Bf3 Kb4 56. Kxd4 Kxa4 57. Kc4 Ka3 58. Kb5 a4
59. Bd1 Kb2 60. Bxa4 Kc3 61. Ka6 Kb4 62. Kb7 Kxa4 63. Kxc7 Kb5 64. Kd6 Kb6 65.
c7 Kb7 66. Kd7 h5 67. c8=Q+ 1-0

[Event "Europa ch 2014"]
[Site "Yerevan ARM"]
[Date "2014.03.06"]
[Round "4.124"]
[White "Imnadze, Nato"]
[Black "Porfireanu, Serban"]
[Result "1-0"]
[WhiteElo "2100"]
[BlackElo "1903"]
[PlyCount "69"]
[EventDate "2014.03.03"]
[EventType "swiss"]
[EventRounds "11"]
[EventCountry "ARM"]
[Source "lmi"]
[SourceDate "2014.03.02"]

1. e4 d6 2. d4 g6 3. Nc3 Bg7 4. Be3 Nf6 5. h3 O-O 6. g4 Nc6 7. Bg2 e5 8. Nge2
exd4 9. Nxd4 a6 10. O-O Rb8 11. Qd2 Ne5 12. b3 b5 13. f4 c5 14. Nde2 Nexg4 15.
hxg4 Nxg4 16. Rad1 b4 17. Nd5 Qh4 18. Rf3 Nh2 19. Rg3 Bg4 20. Bf2 Qh5 21. Re3
Nf3+ 22. Bxf3 Bxf3 23. Ng3 Qg4 24. Rde1 h5 25. Qd3 h4 26. Rxf3 Rfe8 27. Kh2
hxg3+ 28. Rxg3 Qh4+ 29. Kg2 Re6 30. Rg5 Qh7 31. Rh1 Bh6 32. Qh3 Kg7 33. f5 Rh8
34. fxg6 fxg6 35. Qxe6 1-0